| 000 | 00698nam a2200217Ia 4500 | ||
|---|---|---|---|
| 003 | GCL | ||
| 005 | 20240530104812.0 | ||
| 008 | 140319s9999 xx 000 0 ara d | ||
| 040 |
_aGCL / _cGCL |
||
| 082 | 0 | 4 |
_a910.133 _bع ج |
| 100 | 1 | _aعلى وهب | |
| 245 | 1 | 0 |
_aالجغرافيا البشرية / _cعلى وهب |
| 250 | _aط1 | ||
| 260 |
_aبيروت : _bالمؤسسة الجامعية للدراسات والنشر والتوزيع ، _c1986 |
||
| 300 |
_a394 ص ؛ _c24 سم |
||
| 650 | 0 | 4 | _aالجغرافيا الاقتصادية |
| 650 | 0 | 4 | _aالبيئة والانسان |
| 650 | 0 | 4 | _aالجغرافيا البشرية |
| 650 | 0 | 4 | _aالجغرافيون |
| 942 |
_2ddc _cBK |
||
| 999 |
_c50814 _d50814 |
||